Fictional Places - Statistics

General Stats
  • This quiz has been taken 56 times
  • The average score is 11 of 24
Answer Stats
Place Work of Fiction % Correct
Hogwarts Harry Potter
94%
Tatooine Star Wars
92%
Gotham City Batman
90%
Krypton Superman
88%
Emerald City The Wizard of Oz
83%
Pandora Borderlands
81%
Mordor The Lord of the Rings
81%
Mushroom Kingdom Super Mario
79%
Panem The Hunger Games
69%
Endor Star Wars
65%
Jakku Star Wars
48%
Zion The Matrix
35%
Braavos Game of Thrones
31%
Meereen Game of Thrones
29%
Hill Valley Back to the Future
27%
Pallet Town Pokemon
25%
Riften Skyrim
15%
Installation 04 Halo
13%
Reach Halo
13%
Andoria Star Trek
10%
Rapture Bioshock
8%
Diamond City Fallout
2%
Zenn-La The Fantastic Four
2%
Keystone City The Flash
2%
No matching quizzes found
Score Distribution
Percent of People with Each Score
Percentile by Number Answered
Your Score History
You have not taken this quiz